[Event "MARIENBAD OPEN 2020 - A, B - closed tournaments"]
[Site "?"]
[Date "2020.01.21"]
[Round "4"]
[White "Marszalek, Maciej"]
[Black "Strebkovs, Andrejs"]
[Result "1-0"]
[BlackElo "2278"]
[WhiteElo "2314"]
[LiveChessVersion "1.4.8"]

1. d4 {[%clk 1:30:58]} d5 {[%clk 1:30:58]} 2. c4 {[%clk 1:31:23]} c6
{[%clk 1:31:26]} 3. Nf3 {[%clk 1:31:46]} Nf6 {[%clk 1:31:54]} 4. Qb3
{[%clk 1:32:04]} dxc4 5. Qxc4 {[%clk 1:32:28]} Bf5 {[%clk 1:32:42]} 6. g3
{[%clk 1:32:31]} e6 {[%clk 1:32:25]} 7. Bg2 {[%clk 1:32:53]} Nbd7
{[%clk 1:32:38]} 8. O-O {[%clk 1:32:25]} Be7 {[%clk 1:32:23]} 9. Nc3
{[%clk 1:32:17]} Ne4 {[%clk 1:30:04]} 10. Qb3 {[%clk 1:26:09]} Qb6
{[%clk 1:27:15]} 11. Nh4 {[%clk 1:20:31]} Qxb3 {[%clk 1:21:20]} 12. axb3
{[%clk 1:20:30]} Nxc3 13. bxc3 {[%clk 1:20:54]} Bc2 {[%clk 1:21:41]} 14. b4
{[%clk 1:20:26]} O-O {[%clk 1:19:33]} 15. b5 {[%clk 1:14:04]} Rfc8
{[%clk 1:17:48]} 16. Ba3 {[%clk 1:10:13]} Bf6 {[%clk 1:13:28]} 17. bxc6
{[%clk 1:07:30]} bxc6 {[%clk 1:13:37]} 18. Rfc1 {[%clk 1:06:42]} Bb3
{[%clk 1:10:07]} 19. Bb4 {[%clk 1:05:59]} g5 {[%clk 0:57:49]} 20. Nf3
{[%clk 1:03:46]} Bd5 {[%clk 0:58:00]} 21. Nd2 {[%clk 1:03:20]} c5
{[%clk 0:50:39]} 22. dxc5 {[%clk 1:00:47]} Nxc5 {[%clk 0:49:21]} 23. Bxd5
{[%clk 0:55:09]} exd5 {[%clk 0:49:47]} 24. Ra5 {[%clk 0:55:06]} Be7
{[%clk 0:44:33]} 25. Rd1 {[%clk 0:50:01]} h6 {[%clk 0:40:59]} 26. Nf3
{[%clk 0:46:30]} Nb3 {[%clk 0:34:31]} 27. Raxd5 {[%clk 0:39:38]} Bxb4
{[%clk 0:31:48]} 28. cxb4 {[%clk 0:39:50]} a5 {[%clk 0:31:35]} 29. bxa5
{[%clk 0:39:49]} Rxa5 {[%clk 0:31:27]} 30. Rxa5 {[%clk 0:38:46]} Nxa5
{[%clk 0:31:55]} 31. Rd6 {[%clk 0:37:35]} Rc6 {[%clk 0:23:31]} 32. Rd8+
{[%clk 0:35:34]} Kg7 {[%clk 0:21:50]} 33. Nd4 {[%clk 0:35:48]} Rf6
{[%clk 0:20:56]} 34. Rd5 {[%clk 0:35:10]} Nc6 {[%clk 0:20:01]} 35. Nf5+
{[%clk 0:35:18]} Kg6 {[%clk 0:19:28]} 36. g4 {[%clk 0:33:43]} Re6
{[%clk 0:18:57]} 37. Rc5 {[%clk 0:28:50]} Ne7 {[%clk 0:18:35]} 38. e3
{[%clk 0:28:19]} Ng8 {[%clk 0:16:55]} 39. h3 {[%clk 0:22:16]} Nf6
{[%clk 0:15:09]} 40. Kg2 {[%clk 0:21:46]} Ra6 {[%clk 0:08:29]} 41. Kf3
{[%clk 0:20:03]} h5 {[%clk 0:07:37]} 42. Rc8 {[%clk 0:17:52]} hxg4+
{[%clk 0:07:47]} 43. hxg4 {[%clk 0:18:20]} Nd7 {[%clk 0:05:20]} 44. Kg3
{[%clk 0:14:14]} Ne5 {[%clk 0:03:23]} 45. Rh8 {[%clk 0:07:28]} Kf6
{[%clk 0:03:28]} 46. Rh6+ {[%clk 0:06:29]} Ng6 {[%clk 0:03:55]} 47. Rh1
{[%clk 0:06:46]} Ne7 {[%clk 0:02:09]} 48. Nd4 {[%clk 0:06:21]} Kg6
{[%clk 0:30:03]} 49. Rb1 {[%clk 0:35:57]} Nc6 {[%clk 0:28:00]} 50. Nf3
{[%clk 0:35:27]} Nd8 {[%clk 0:26:36]} 51. Rb8 {[%clk 0:28:50]} Ne6
{[%clk 0:26:44]} 52. Rb7 {[%clk 0:27:55]} Kf6 {[%clk 0:25:27]} 53. Nd2
{[%clk 0:27:49]} Ra4 {[%clk 0:24:58]} 54. Kf3 {[%clk 0:27:18]} Nc5
{[%clk 0:22:48]} 55. Rb6+ {[%clk 0:27:22]} Ne6 {[%clk 0:22:34]} 56. Ne4+
{[%clk 0:27:40]} Kg7 {[%clk 0:21:22]} 57. Nd6 {[%clk 0:26:48]} Ra7
{[%clk 0:18:05]} 58. Nf5+ {[%clk 0:25:43]} Kf6 {[%clk 0:17:30]} 59. Nd4
{[%clk 0:26:03]} Ra2 {[%clk 0:17:13]} 60. Kg3 {[%clk 0:25:40]} Ra3
{[%clk 0:17:14]} 61. Nf5 {[%clk 0:24:36]} Ra7 {[%clk 0:16:20]} 62. Rb8
{[%clk 0:22:05]} Ke5 {[%clk 0:15:59]} 63. Re8 {[%clk 0:19:11]} Kf6
{[%clk 0:15:35]} 64. Rh8 {[%clk 0:19:37]} Ke5 {[%clk 0:15:32]} 65. Rh7
{[%clk 0:19:33]} Nf8 {[%clk 0:14:38]} 66. Rh5 {[%clk 0:18:16]} Ne6
{[%clk 0:14:03]} 67. Kf3 {[%clk 0:16:33]} Ra3 {[%clk 0:13:56]} 68. Rh7
{[%clk 0:15:45]} Ra7 {[%clk 0:14:07]} 69. Ng3 {[%clk 0:15:06]} Kf6
{[%clk 0:14:00]} 70. Rh6+ {[%clk 0:13:53]} Kg7 {[%clk 0:13:11]} 71. Nf5+
{[%clk 0:14:08]} Kg8 {[%clk 0:12:58]} 72. Ke4 {[%clk 0:12:03]} Ra5
{[%clk 0:13:00]} 73. Rh1 {[%clk 0:10:51]} Rc5 {[%clk 0:12:30]} 74. Nd4
{[%clk 0:06:02]} Nf8 {[%clk 0:10:09]} 75. Rh5 {[%clk 0:06:18]} Nh7
{[%clk 0:09:12]} 76. Rh6 {[%clk 0:06:21]} Ra5 {[%clk 0:08:48]} 77. Rb6
{[%clk 0:06:14]} Ra8 {[%clk 0:08:38]} 78. f3 {[%clk 0:05:37]} Re8+
{[%clk 0:08:54]} 79. Kd3 {[%clk 0:06:05]} Nf8 {[%clk 0:08:47]} 80. Rd6
{[%clk 0:06:27]} Ra8 {[%clk 0:08:45]} 81. Rd5 {[%clk 0:06:06]} Nh7
{[%clk 0:08:57]} 82. Rc5 {[%clk 0:06:15]} Rd8 {[%clk 0:08:19]} 83. Ke2
{[%clk 0:06:31]} Kg7 {[%clk 0:07:24]} 84. Nf5+ {[%clk 0:06:59]} Kf8
{[%clk 0:07:16]} 85. Rc6 {[%clk 0:07:16]} Kg8 {[%clk 0:07:10]} 86. Rc7
{[%clk 0:05:56]} Rf8 {[%clk 0:06:59]} 87. e4 {[%clk 0:05:52]} Nf6
{[%clk 0:07:09]} 88. Kf2 {[%clk 0:05:55]} Kh7 {[%clk 0:06:08]} 89. Kg3
{[%clk 0:05:14]} Ng8 {[%clk 0:06:01]} 90. e5 {[%clk 0:05:09]} Kg6
{[%clk 0:06:05]} 91. Rc6+ {[%clk 0:05:11]} Kh7 {[%clk 0:06:23]} 92. Rc1
{[%clk 0:04:30]} Kg6 {[%clk 0:03:46]} 93. Rh1 {[%clk 0:04:39]} Re8
{[%clk 0:03:22]} 94. Rh8 {[%clk 0:04:42]} Ra8 {[%clk 0:01:37]} 95. Kf2
{[%clk 0:02:26]} Ra2+ {[%clk 0:01:09]} 96. Ke3 {[%clk 0:02:51]} Ra3+
{[%clk 0:01:16]} 97. Kd4 {[%clk 0:02:43]} Ra4+ {[%clk 0:01:04]} 98. Kc5
{[%clk 0:02:30]} Ra5+ {[%clk 0:01:20]} 99. Kb4 {[%clk 0:02:34]} Rxe5
{[%clk 0:01:40]} 100. Rxg8+ {[%clk 0:02:56]} Kf6 {[%clk 0:02:07]} 101. Kc4
{[%clk 0:03:01]} Re1 {[%clk 0:02:07]} 102. Kd4 {[%clk 0:03:24]} Rf1
{[%clk 0:02:13]} 103. Ke3 {[%clk 0:03:45]} Ra1 {[%clk 0:02:31]} 104. Rb8
{[%clk 0:04:06]} Ra3+ {[%clk 0:02:53]} 105. Kf2 {[%clk 0:04:35]} Ke5
{[%clk 0:02:59]} 106. Rb5+ {[%clk 0:04:53]} Kf6 {[%clk 0:02:53]} 107. Nd6
{[%clk 0:05:09]} Kg6 {[%clk 0:01:57]} 108. Ne4 {[%clk 0:05:31]} f6
{[%clk 0:02:12]} 109. Rb6 {[%clk 0:05:58]} Ra2+ {[%clk 0:02:22]} 110. Kg3
{[%clk 0:06:26]} 1-0

[Event "MARIENBAD OPEN 2020 - A, B - closed tournaments"]
[Site "?"]
[Date "2020.01.21"]
[Round "4"]
[White "Laxman, R.R."]
[Black "Adrian, Claude"]
[Result "1/2-1/2"]
[BlackElo "2261"]
[WhiteElo "2441"]
[LiveChessVersion "1.4.8"]

1. d4 {[%clk 1:30:56]} Nf6 {[%clk 1:30:52]} 2. Nf3 {[%clk 1:31:21]} c5
{[%clk 1:30:43]} 3. d5 {[%clk 1:30:49]} b5 {[%clk 1:31:05]} 4. Bg5
{[%clk 1:31:08]} g6 {[%clk 1:31:29]} 5. Bxf6 exf6 {[%clk 1:31:57]} 6. e4
{[%clk 1:31:16]} b4 {[%clk 1:32:20]} 7. Nbd2 {[%clk 1:31:20]} Bg7
{[%clk 1:32:18]} 8. Nc4 {[%clk 1:31:43]} O-O {[%clk 1:32:15]} 9. Bd3
{[%clk 1:31:40]} f5 10. exf5 {[%clk 1:31:06]} Re8+ {[%clk 1:32:33]} 11. Kf1
{[%clk 1:31:35]} d6 {[%clk 1:31:07]} 12. g3 {[%clk 1:31:23]} Bb7 {[%clk 1:23:17]}
13. Be2 {[%clk 1:31:52]} Na6 {[%clk 1:12:03]} 14. Rb1 1/2-1/2

[Event "MARIENBAD OPEN 2020 - C - FIDE open"]
[Site "the Continental hotel, Marians"]
[Date "2020.01.21"]
[Round "4"]
[White "PERMAN, Sergey"]
[Black "KOLBUS, Dietmar"]
[Result "1/2-1/2"]
[WhiteElo "2140"]
[BlackElo "2294"]
[PlyCount "60"]
[EventDate "2020.01.18"]

1. e4 c5 2. Nf3 d6 3. d4 cxd4 4. Nxd4 Nf6 5. Nc3 a6 6. Be3 Ng4 7. Bc4 Nxe3 8.
fxe3 e6 9. O-O Nc6 10. Nxc6 bxc6 11. Qf3 Ra7 12. Rad1 a5 13. Bb3 Rd7 14. Rd4
Bb7 15. Ra4 Qb6 16. Rc4 a4 17. Bxa4 h5 18. e5 d5 19. Rf4 Qc7 20. Ne2 g6 21. Nd4
Bh6 22. Rf6 Qxe5 23. Nxc6 Qxe3+ 24. Kh1 Qxf3 25. R6xf3 O-O 26. Na5 Rc7 27. Nxb7
Rxb7 28. Bb3 Rc8 29. Rd1 Bg7 30. c3 Be5 1/2-1/2

[Event "MARIENBAD OPEN 2020 - C - FIDE open"]
[Site "the Continental hotel, Marians"]
[Date "2020.01.21"]
[Round "4"]
[White "ADRIAN, Leopold"]
[Black "GRANOVSKIY, Alexandr"]
[Result "0-1"]
[WhiteElo "2033"]
[BlackElo "2258"]
[PlyCount "48"]
[EventDate "2020.01.18"]

1. c4 e6 2. g3 d5 3. d4 Nf6 4. Bg2 Bb4+ 5. Bd2 Be7 6. Nf3 O-O 7. O-O c6 8. b3
Ne4 9. Qc2 Nd7 10. Ne5 Nxd2 11. Nxd2 Nxe5 12. dxe5 Qc7 13. Nf3 Bd7 14. cxd5
exd5 15. Rac1 Rad8 16. b4 Bg4 17. b5 c5 18. Qa4 Bd7 19. Qb3 Be6 20. Nd4 Qxe5
21. Nxe6 fxe6 22. e4 c4 23. Qa4 c3 24. exd5 exd5 0-1

[Event "MARIENBAD OPEN 2020 - C - FIDE open"]
[Site "the Continental hotel, Marians"]
[Date "2020.01.21"]
[Round "4"]
[White "KAUSHIK, G Iyer"]
[Black "VALENTA, Vit"]
[Result "1-0"]
[WhiteElo "1781"]
[BlackElo "2103"]
[PlyCount "55"]
[EventDate "2020.01.18"]

1. d4 Nf6 2. c4 g6 3. Nf3 Bg7 4. g3 O-O 5. Bg2 d6 6. O-O Nbd7 7. Nc3 e5 8. e4
c6 9. h3 Re8 10. Re1 a6 11. Be3 b5 12. c5 b4 13. Na4 d5 14. Nxe5 Nxe5 15. dxe5
Nxe4 16. Nb6 Rb8 17. Qa4 Bxe5 18. Qxb4 a5 19. Qa4 Bxb2 20. Rab1 Bc3 21. Red1
Nxg3 22. fxg3 Rxe3 23. Qf4 Re5 24. Rb3 g5 25. Qc1 Bb4 26. a3 Re2 27. axb4 Bxh3
28. Bxh3 1-0

[Event "MARIENBAD OPEN 2020 - C - FIDE open"]
[Site "the Continental hotel, Marians"]
[Date "2020.01.21"]
[Round "4"]
[White "ARNDT, Stefan"]
[Black "GIEMSA, Alexander"]
[Result "1-0"]
[WhiteElo "2199"]
[BlackElo "1861"]
[PlyCount "31"]
[EventDate "2020.01.18"]

1. e4 e5 2. Nf3 Nc6 3. Bc4 f5 4. d4 fxe4 5. dxe5 Nxe5 6. Nxe5 Qe7 7. Bf4 Qb4+
8. Nd2 Ne7 9. O-O b6 10. Qe2 Bb7 11. Nxe4 Ng6 12. Bg5 Nxe5 13. Nd2 Bd6 14. f4
Bc5+ 15. Kh1 Bd4 16. c3 1-0

[Event "MARIENBAD OPEN 2020 - C - FIDE open"]
[Site "the Continental hotel, Marians"]
[Date "2020.01.21"]
[Round "4"]
[White "VETOKHINA, Sofia"]
[Black "BARTONICEK, Zdenek"]
[Result "1/2-1/2"]
[WhiteElo "1795"]
[BlackElo "1945"]
[PlyCount "64"]
[EventDate "2020.01.18"]

1. d4 g6 2. c4 Bg7 3. Nc3 Nf6 4. e4 O-O 5. Be2 d6 6. Bg5 c5 7. d5 b5 8. cxb5 a6
9. a4 Qa5 10. Bd2 Qc7 11. Nf3 e6 12. O-O exd5 13. exd5 Bb7 14. Bf4 Nh5 15. Be3
Nd7 16. Nd2 Nhf6 17. Nc4 Rfe8 18. a5 Ne5 19. b6 Qe7 20. Re1 Nfd7 21. f4 Nxc4
22. Bxc4 Qh4 23. g3 Qh6 24. g4 Rxe3 25. Rxe3 Bd4 26. Qf3 Qh4 27. Kg2 Bxe3 28.
Qxe3 Qxg4+ 29. Qg3 Qf5 30. Bd3 Bxd5+ 31. Kf2 Qe6 32. Rd1 Bb7 1/2-1/2

[Event "MARIENBAD OPEN 2020 - C - FIDE open"]
[Site "the Continental hotel, Marians"]
[Date "2020.01.21"]
[Round "4"]
[White "MULLEROVA, Katerina"]
[Black "HELD, Martin"]
[Result "0-1"]
[WhiteElo "1473"]
[BlackElo "1880"]
[PlyCount "64"]
[EventDate "2020.01.18"]

1. e4 e5 2. Nf3 Nc6 3. d4 exd4 4. Nxd4 Qh4 5. Nc3 Bb4 6. Qd3 Bxc3+ 7. Qxc3
Qxe4+ 8. Be3 Nxd4 9. Qxd4 Qxd4 10. Bxd4 Nf6 11. Bxf6 gxf6 12. O-O-O d6 13. Bb5+
c6 14. Bxc6+ bxc6 15. Rxd6 Be6 16. Rxc6 Kd7 17. Rc3 Rhd8 18. Rd1+ Ke7 19. Rxd8
Rxd8 20. Rc7+ Rd7 21. Rxd7+ Kxd7 22. b3 Kd6 23. Kd2 Kc5 24. Kc3 a5 25. a3 Kd5
26. b4 a4 27. f3 Bf5 28. g3 Bd7 29. g4 f5 30. h3 f4 31. Kd2 Kd4 32. h4 Bc6 0-1

[Event "MARIENBAD OPEN 2020 - C - FIDE open"]
[Site "the Continental hotel, Marians"]
[Date "2020.01.21"]
[Round "4"]
[White "SIMAK, Roman"]
[Black "PEGLAU, Dora"]
[Result "1/2-1/2"]
[WhiteElo "1847"]
[BlackElo "1502"]
[PlyCount "49"]
[EventDate "2020.01.18"]

1. d4 Nf6 2. f4 d5 3. Nf3 Bf5 4. e3 e6 5. Be2 c5 6. O-O Nc6 7. c3 Bd6 8. h3 h5
9. Ne5 h4 10. Nd2 Rc8 11. Nxc6 bxc6 12. Nf3 Ne4 13. Bd3 Ng3 14. Re1 Bxd3 15.
Qxd3 Ne4 16. Nd2 Nxd2 17. Bxd2 g6 18. e4 cxd4 19. cxd4 Kf8 20. Bc3 Bxf4 21. Qf3
Bg3 22. Re2 Kg7 23. Rf1 Qe7 24. exd5 cxd5 25. Qxd5 1/2-1/2

[Event "MARIENBAD OPEN 2020 - C - FIDE open"]
[Site "the Continental hotel, Marians"]
[Date "2020.01.21"]
[Round "4"]
[White "LAZNIEWSKI, Tadeusz"]
[Black "PEGLAU, Charis"]
[Result "1/2-1/2"]
[WhiteElo "1487"]
[BlackElo "1784"]
[PlyCount "61"]
[EventDate "2020.01.18"]

1. e4 c6 2. d4 d5 3. Nc3 dxe4 4. Nxe4 Nf6 5. Nxf6+ exf6 6. c3 Bd6 7. Bd3 Be6 8.
Qc2 Nd7 9. Ne2 Qc7 10. Be3 O-O-O 11. Qa4 a6 12. c4 Nb6 13. Qc2 Bb4+ 14. Kf1 Na8
15. a3 Bf8 16. Rc1 c5 17. d5 Bd7 18. Ng3 h5 19. Qd2 g5 20. Ne4 Be7 21. Bb1 Be8
22. b4 cxb4 23. axb4 Kb8 24. h4 Nb6 25. Qd4 Nc8 26. hxg5 h4 27. Nxf6 Bxb4 28.
Bf4 Bd6 29. Bxd6 Nxd6 30. Qf4 Rc8 31. Bf5 1/2-1/2

[Event "MARIENBAD OPEN 2020 - C - FIDE open"]
[Site "the Continental hotel, Marians"]
[Date "2020.01.21"]
[Round "4"]
[White "TEDEEVA, Olga"]
[Black "KOETZ, Michael"]
[Result "1-0"]
[WhiteElo "1289"]
[BlackElo "1777"]
[PlyCount "79"]
[EventDate "2020.01.18"]

1. e4 c6 2. d4 d5 3. Nc3 dxe4 4. Nxe4 Bf5 5. Ng3 Bg6 6. Nf3 Nd7 7. Bd3 Bxd3 8.
Qxd3 Qc7 9. O-O e6 10. c4 h6 11. b3 Ngf6 12. Bb2 O-O-O 13. Qe3 Be7 14. Ne5 Rhf8
15. Rac1 Nxe5 16. dxe5 Nd7 17. Qxa7 Bc5 18. Qa8+ Qb8 19. Qxb8+ Nxb8 20. Ne4 Be7
21. Rcd1 Na6 22. f4 Nc5 23. Ba3 Rxd1 24. Rxd1 Nxe4 25. Bxe7 Re8 26. Bb4 Rd8 27.
Rxd8+ Kxd8 28. Bf8 Nc3 29. Bxg7 h5 30. g3 Nxa2 31. Bf8 Kc7 32. Kf2 b6 33. b4 b5
34. cxb5 cxb5 35. Kf3 Kc6 36. h4 Kd5 37. g4 Nc1 38. gxh5 Nb3 39. Kg4 Kd4 40. h6
1-0

[Event "MARIENBAD OPEN 2020 - C - FIDE open"]
[Site "the Continental hotel, Marians"]
[Date "2020.01.21"]
[Round "4"]
[White "LACHMAIR, Erwin"]
[Black "AKHMETZYANOV, Demid"]
[Result "0-1"]
[WhiteElo "1880"]
[BlackElo "1439"]
[PlyCount "32"]
[EventDate "2020.01.18"]

1. e4 c5 2. Nf3 a6 3. d4 cxd4 4. Nxd4 e6 5. Nc3 Nc6 6. Be3 Nf6 7. f4 Bb4 8. Bd3
Qb6 9. Nf5 Qa5 10. Nxg7+ Kf8 11. e5 Nd5 12. Nxe6+ dxe6 13. Bd2 Nxc3 14. bxc3
Bxc3 15. Bxc3 Qxc3+ 16. Kf2 Qd4+ 0-1

[Event "MARIENBAD OPEN 2020 - C - FIDE open"]
[Site "the Continental hotel, Marians"]
[Date "2020.01.21"]
[Round "4"]
[White "MITHULA, Venugopal Srinivasan"]
[Black "LU, Miaoyi"]
[Result "0-1"]
[WhiteElo "1356"]
[BlackElo "1734"]
[PlyCount "66"]
[EventDate "2020.01.18"]

1. e4 c6 2. d4 d5 3. Nd2 dxe4 4. Nxe4 Bf5 5. Ng3 Bg6 6. Nf3 Nd7 7. h4 h6 8. h5
Bh7 9. Bd3 Bxd3 10. Qxd3 e6 11. Bf4 Qa5+ 12. c3 Ngf6 13. Ne5 Nxe5 14. Bxe5
O-O-O 15. Qe2 Bd6 16. Bxd6 Rxd6 17. Ne4 Nxe4 18. Qxe4 Rhd8 19. f4 Rxd4 20. Qf3
Rd3 21. Qg4 Re3+ 22. Kf2 Qb6 23. Kf1 Qxb2 24. Re1 Rxe1+ 25. Kxe1 Qd2+ 26. Kf1
Qd1+ 27. Qxd1 Rxd1+ 28. Kf2 Rxh1 29. g4 Rh2+ 30. Kg3 Rxa2 31. g5 Ra3 32. Kg4
Rxc3 33. gxh6 gxh6 0-1

[Event "MARIENBAD OPEN 2020 - C - FIDE open"]
[Site "the Continental hotel, Marians"]
[Date "2020.01.21"]
[Round "4"]
[White "CERMAK, Dusan"]
[Black "TOMANEK, Karel"]
[Result "1-0"]
[WhiteElo "1682"]
[BlackElo "1428"]
[PlyCount "61"]
[EventDate "2020.01.18"]

1. e4 e5 2. Nf3 Nc6 3. d4 exd4 4. Bc4 Be7 5. O-O d6 6. Nxd4 Nf6 7. Nc3 O-O 8.
Nxc6 bxc6 9. Qd3 Bb7 10. Qg3 Kh8 11. Be3 Nd7 12. f4 f5 13. Bd4 Bf6 14. e5 Bh4
15. Qh3 c5 16. Be3 dxe5 17. fxe5 Nxe5 18. Bxc5 Be7 19. Rad1 Bxc5+ 20. Kh1 Qg5
21. Bd5 c6 22. Bf3 Ba6 23. Rfe1 Nxf3 24. gxf3 Bf2 25. Re6 Bb7 26. Re5 g6 27.
Ne4 Qe3 28. Re7 h6 29. Nf6 Qxe7 30. Qxh6+ Qh7 31. Qxh7# 1-0

[Event "MARIENBAD OPEN 2020 - C - FIDE open"]
[Site "the Continental hotel, Marians"]
[Date "2020.01.21"]
[Round "4"]
[White "KRATOCHVIL, David"]
[Black "HAAG, Guenter"]
[Result "1/2-1/2"]
[WhiteElo "1138"]
[BlackElo "1919"]
[PlyCount "50"]
[EventDate "2020.01.18"]

1. e4 c5 2. Nf3 a6 3. d4 cxd4 4. Nxd4 Nf6 5. Nc3 e5 6. Nb3 Bb4 7. f3 d5 8. exd5
Nxd5 9. a3 Bxc3+ 10. bxc3 O-O 11. c4 Nf4 12. Qxd8 Rxd8 13. Bxf4 exf4 14. Be2
Bf5 15. c3 Nc6 16. O-O Ne5 17. Rad1 Rxd1 18. Rxd1 Bc2 19. Rd5 Nxf3+ 20. Bxf3
Bxb3 21. Rd4 g5 22. Bxb7 Ra7 23. Bd5 Re7 24. Kf2 Re3 25. g3 Rxc3 1/2-1/2

[Event "MARIENBAD OPEN 2020 - D - Open Seniors T"]
[Site "the Continental hotel, Hlavni "]
[Date "2020.01.21"]
[Round "4"]
[White "GRICHKEVITCH, Gilles"]
[Black "PACL, Vaclav"]
[Result "1/2-1/2"]
[WhiteElo "1985"]
[BlackElo "2042"]
[PlyCount "32"]
[EventDate "2020.01.18"]

1. e4 d5 2. exd5 Qxd5 3. Nc3 Qd6 4. d4 c6 5. Be3 Bf5 6. Qd2 e6 7. Nf3 Nf6 8.
Ne5 Be7 9. Be2 h6 10. h4 Qd8 11. O-O-O Nbd7 12. g4 Ne4 13. Qe1 Nxc3 14. Qxc3
Bxg4 15. f3 Bf5 16. f4 Nxe5 1/2-1/2

[Event "MARIENBAD OPEN 2020 - D - Open Seniors T"]
[Site "the Continental hotel, Hlavni "]
[Date "2020.01.21"]
[Round "4"]
[White "MIKULAS, Dusan"]
[Black "KUCERA, Jiri"]
[Result "0-1"]
[WhiteElo "1969"]
[BlackElo "1960"]
[PlyCount "53"]
[EventDate "2020.01.18"]

1. e4 e5 2. Nf3 Nc6 3. Nc3 g6 4. d4 exd4 5. Nxd4 Bg7 6. Be3 d6 7. Be2 Nf6 8.
Nb3 Be6 9. f4 Qd7 10. O-O Ng4 11. Bxg4 Bxg4 12. Qe1 O-O 13. Qh4 Rae8 14. f5
Bxf5 15. exf5 Rxe3 16. f6 Bh8 17. Nd5 Re5 18. c4 Rfe8 19. Rad1 Rh5 20. Qf2 Rf5
21. Qd2 Rxf1+ 22. Rxf1 Qg4 23. Re1 Re4 24. Qf2 Ne5 25. Nd2 c6 26. Ne7+ Kf8 27.
Qf3 0-1

[Event "MARIENBAD OPEN 2020 - D - Open Seniors T"]
[Site "the Continental hotel, Hlavni "]
[Date "2020.01.21"]
[Round "4"]
[White "BARTOS, Jan"]
[Black "SIMECEK, Jan"]
[Result "1/2-1/2"]
[WhiteElo "2123"]
[BlackElo "1792"]
[PlyCount "31"]
[EventDate "2020.01.18"]

1. d4 Nf6 2. Nf3 e6 3. g3 d5 4. Bg2 c6 5. O-O Nbd7 6. Nbd2 Be7 7. c4 Rb8 8. Qc2
e5 9. e4 dxe4 10. Nxe4 Nxe4 11. Qxe4 exd4 12. Qxd4 Bf6 13. Qd2 Ne5 14. Qc2 Qd3
15. Qxd3 Nxd3 16. Nd4 1/2-1/2

[Event "MARIENBAD OPEN 2020 - D - Open Seniors T"]
[Site "the Continental hotel, Hlavni "]
[Date "2020.01.21"]
[Round "4"]
[White "OCHMANN, Reimund"]
[Black "PEKARCIK, Peter"]
[Result "1-0"]
[WhiteElo "1946"]
[BlackElo "1674"]
[PlyCount "69"]
[EventDate "2020.01.18"]

1. e4 e5 2. Nf3 Nc6 3. Bc4 Nf6 4. d3 Be7 5. c3 O-O 6. O-O d6 7. Bb3 b6 8. Re1
d5 9. exd5 Nxd5 10. Nxe5 Nxe5 11. Rxe5 c6 12. Qf3 Qc7 13. d4 Bd6 14. Rh5 Re8
15. Be3 Nf6 16. Rh4 c5 17. Nd2 Ba6 18. Bc2 cxd4 19. Bxd4 Be5 20. Bxe5 Qxe5 21.
Ne4 Nd7 22. Qh3 Nf8 23. f4 Qb5 24. Ng5 Qc5+ 25. Kh1 Re3 26. Nf3 Rae8 27. Bxh7+
Nxh7 28. Rxh7 Kf8 29. Rh8+ Ke7 30. Rxe8+ Kxe8 31. Rd1 Qc7 32. Qh8+ Ke7 33. Ne5
Bb7 34. Qxg7 Re2 35. Qxf7# 1-0

[Event "MARIENBAD OPEN 2020 - D - Open Seniors T"]
[Site "the Continental hotel, Hlavni "]
[Date "2020.01.21"]
[Round "4"]
[White "PALKOVA, Hana"]
[Black "MACHO, Miloslav"]
[Result "1/2-1/2"]
[WhiteElo "1874"]
[BlackElo "1631"]
[PlyCount "29"]
[EventDate "2020.01.18"]

1. d4 g6 2. c4 Bg7 3. Nc3 e5 4. e3 d6 5. h3 Nc6 6. Nf3 Bf5 7. a3 b5 8. d5 Nce7
9. e4 Bd7 10. Bd3 f5 11. Qc2 f4 12. Bd2 Nf6 13. O-O-O a6 14. Rdg1 Rb8 15. Ne2
1/2-1/2

[Event "MARIENBAD OPEN 2020 - D - Open Seniors T"]
[Site "the Continental hotel, Hlavni "]
[Date "2020.01.21"]
[Round "4"]
[White "HUSAK, Antonin"]
[Black "SVEC, Ludek"]
[Result "1-0"]
[WhiteElo "1830"]
[BlackElo "1617"]
[PlyCount "47"]
[EventDate "2020.01.18"]

1. Nf3 c5 2. b3 Nf6 3. Bb2 e6 4. e3 Be7 5. d4 b6 6. Bd3 Bb7 7. Nbd2 d5 8. O-O
O-O 9. Ne5 cxd4 10. exd4 Bd6 11. f4 Ba6 12. c4 dxc4 13. bxc4 Bb7 14. Rc1 Na6
15. Bb1 Rc8 16. Qe2 Nb8 17. Rc3 Rc7 18. Rh3 g6 19. Qf2 Ne8 20. Ng4 h5 21. c5
bxc5 22. Nh6+ Kh7 23. Rxh5 Ng7 24. Rh3 1-0

[Event "MARIENBAD OPEN 2020 - D - Open Seniors T"]
[Site "the Continental hotel, Hlavni "]
[Date "2020.01.21"]
[Round "4"]
[White "CHMELIK, Jiri"]
[Black "VOITH, Walter"]
[Result "1-0"]
[WhiteElo "1958"]
[BlackElo "1439"]
[PlyCount "39"]
[EventDate "2020.01.18"]

1. d4 Nf6 2. c4 e6 3. Nc3 Bb4 4. e3 c5 5. Bd3 Nc6 6. Nge2 d6 7. O-O O-O 8. a3
Ba5 9. Rb1 e5 10. d5 Ne7 11. Qc2 Bg4 12. Ng3 g6 13. f4 exf4 14. Rxf4 Kg7 15.
Qf2 Neg8 16. b4 cxb4 17. axb4 Bc7 18. Na4 Qe8 19. Rxf6 Kh6 20. Qf4+ 1-0

[Event "MARIENBAD OPEN 2020 - D - Open Seniors T"]
[Site "the Continental hotel, Hlavni "]
[Date "2020.01.21"]
[Round "4"]
[White "KIRS, Pavel"]
[Black "HORYNA, Josef"]
[Result "1/2-1/2"]
[WhiteElo "1544"]
[BlackElo "1789"]
[PlyCount "37"]
[EventDate "2020.01.18"]

1. b3 b6 2. Bb2 Bb7 3. c4 c5 4. e3 e6 5. d4 cxd4 6. Bxd4 Bb4+ 7. Nd2 Nf6 8. a3
Bxd2+ 9. Qxd2 O-O 10. Nf3 Nc6 11. Bb2 Ne4 12. Qc2 f5 13. Be2 Qe7 14. O-O Rac8
15. Nd2 d5 16. Nxe4 dxe4 17. f3 exf3 18. Bxf3 Na5 19. Bxb7 1/2-1/2